| 000 | 01463nam a22003854a 4500 | ||
|---|---|---|---|
| 001 | ebr10074874 | ||
| 003 | CaPaEBR | ||
| 006 | m u | ||
| 007 | cr cn||||||||| | ||
| 008 | 040302s2004 maua s 001 0 eng | ||
| 010 | _z 2004005013 | ||
| 020 | _z1584503459 (pbk. with CD-ROM : alk. paper) | ||
| 040 |
_aCaPaEBR _cCaPaEBR |
||
| 035 | _a(OCoLC)70739758 | ||
| 050 | 1 | 4 |
_aTK5105.5 _b.P469 2004eb |
| 082 | 0 | 4 |
_a004.6/5 _222 |
| 100 | 1 |
_aPasricha, H. _q(Harpreet) |
|
| 245 | 1 | 0 |
_aDesigning networks with Cisco _h[electronic resource] / _cH. Pasricha, D. Jagu. |
| 246 | 1 | 4 | _aDesigning networks for Cisco |
| 250 | _a1st ed. | ||
| 260 |
_aHingham, Mass. : _bCharles River Media, _cc2004. |
||
| 300 |
_axi, 315 p. : _bill. |
||
| 490 | 1 | _aNetworking series | |
| 500 | _aIncludes index. | ||
| 533 |
_aElectronic reproduction. _bPalo Alto, Calif. : _cebrary, _d2013. _nAvailable via World Wide Web. _nAccess may be limited to ebrary affiliated libraries. |
||
| 630 | 0 | 0 | _aCisco IOS. |
| 650 | 0 |
_aComputer networks _xDesign and construction. |
|
| 650 | 0 | _aLocal area networks (Computer networks) | |
| 650 | 0 | _aWide area networks (Computer networks) | |
| 655 | 7 |
_aElectronic books. _2local |
|
| 700 | 1 |
_aJagu, D. _q(Dattakiran) |
|
| 710 | 2 | _aebrary, Inc. | |
| 830 | 0 | _aNetworking series (Charles River Media) | |
| 856 | 4 | 0 |
_uhttp://site.ebrary.com/lib/rucke/Doc?id=10074874 _zAn electronic book accessible through the World Wide Web; click to view |
| 999 |
_c45103 _d45103 |
||